000 00991cad a22002415a 4500
001 E151072
008 100928s2009 xxk f 100 0 eng d
020 _a9781842195192
035 _a(Sirsi) u151072
041 0 _aeng
100 1 _aVerster, J. J. P.
111 2 _aConstruction and Building Research Conference
_cUniversity of Cape Town
_d10-11 September 2009
245 0 0 _aProject management
_bstructure, maturity and the pillars of development in the South African construction industry
_h[electronic resource]
260 _aLondon
_bRICS
_c2009
520 _aA paper presented at the COBRA Conference in Cape Town on 10-11 September 2009.
590 _aKA
650 2 4 _aCONSTRUCTION AND BUILDING RESEARCH CONFERENCE (COBRA)
651 4 _aSouth Africa
690 _aProject management
_96261
700 1 _aZyl, Carl H. van
856 4 0 _uhttps://www.rics.org/site/scripts/download_info.aspx?fileID=4980&categoryID=524
_zView the item free of charge at www.rics.org
942 _n0
999 _c111130
_d111130